|
|
|
|
| LEADER |
00000cam a22000004a 4500 |
| 001 |
musev2_21873 |
| 003 |
MdBmJHUP |
| 005 |
20230905042330.0 |
| 006 |
m o d |
| 007 |
cr||||||||nn|n |
| 008 |
130307s2013 wiu o 00 0 eng d |
| 020 |
|
|
|a 9780299294434
|
| 020 |
|
|
|z 9780299294441
|
| 020 |
|
|
|z 0299294439
|
| 020 |
|
|
|z 0299294447
|
| 035 |
|
|
|a (OCoLC)829265697
|
| 040 |
|
|
|a MdBmJHUP
|c MdBmJHUP
|
| 100 |
1 |
|
|a Wrenn, Greg.
|
| 245 |
1 |
0 |
|a Centaur /
|c Greg Wrenn.
|
| 264 |
|
1 |
|a Madison :
|b The University of Wisconsin Press,
|c 2013.
|
| 264 |
|
3 |
|a Baltimore, Md. :
|b Project MUSE,
|c 2013
|
| 264 |
|
4 |
|c ©2013.
|
| 300 |
|
|
|a 1 online resource (80 pages).
|
| 336 |
|
|
|a text
|b txt
|2 rdacontent
|
| 337 |
|
|
|a computer
|b c
|2 rdamedia
|
| 338 |
|
|
|a online resource
|b cr
|2 rdacarrier
|
| 490 |
0 |
|
|a The Brittingham prize in poetry
|
| 500 |
|
|
|a Poems.
|
| 505 |
0 |
|
|a Centaur -- Low tide on the Windward Shore ; Promiscuity ; One of the Magi ; Renunciation ; Brother on Brother ; Reuben on Joseph ; Pontiff ; Self-Portrait as Robert Mapplethorpe ; Manger ; Circumcision -- Virus -- Thirteen Labors -- Ascent ; Camphor ; Prayer at Ojai ; Mother of Light ; Revision ; South of Jacksonville ; Three Attempts at Understanding ; Onto.
|
| 520 |
|
|
|a The poet's debut collection opens with a long poem in which a man undergoes surgery to become a centaur. Other poems speak in voices as varied as those of Robert Mapplethorpe, Hercules, and a Wise Man at the birth of Jesus. This collection explores the blurred lines between compulsivity and following one's heart, stasis and self-realization, human and animal. Here, suffering and transcendence are conjoined.
|
| 588 |
|
|
|a Description based on print version record.
|
| 650 |
|
7 |
|a American poetry.
|2 fast
|0 (OCoLC)fst00807348
|
| 650 |
|
7 |
|a FICTION
|x General.
|2 bisacsh
|
| 650 |
|
6 |
|a Poesie americaine.
|
| 650 |
|
0 |
|a American poetry.
|
| 655 |
|
7 |
|a Electronic books.
|2 local
|
| 710 |
2 |
|
|a Project Muse.
|e distributor
|
| 830 |
|
0 |
|a Book collections on Project MUSE.
|
| 856 |
4 |
0 |
|z Texto completo
|u https://projectmuse.uam.elogim.com/book/21873/
|
| 945 |
|
|
|a Project MUSE - Custom Collection
|
| 945 |
|
|
|a Project MUSE - 2013 Native American and Indigenous Studies
|
| 945 |
|
|
|a Project MUSE - 2013 Complete
|
| 945 |
|
|
|a Project MUSE - 2013 Archaeology and Anthropology
|